A lenda das sete cidades (Registo nº 1865)

Detalhes MARC
000 -Etiqueta do registo
Cabeçalho 01075nam a22003371 4500
005 - Identificador da versão
Campo de controlo 20240813121918.0
010 ## - Número internacional normalizado dos livros (ISBN)
Número (ISBN) 9722116142
021 ## - Número do Depósito Legal
Código do país PT
Número 204248/03
100 ## - Dados gerais de processamento
Dados gerais de processamento 20070521d2005 d y0pory500305 ba
102 ## - Pais de publicação ou produção
País de publicação Portugal
101 0# - Língua de publicação
Língua do texto, banda sonora, etc. Português
106 ## - Campo de dados codificados: material textual
Dados codificados do material textual r
105 ## - Campo de dados codificados: livros
Dados codificados dos livros a z 000fy
215 ## - Descrição física 
Indicação específica da natureza do documento e extensão da espécie 15, [2] p.
Outras indicações físicas il.
Dimensões 28 cm
200 1# - Titulo e menção de responsabilidade
Título próprio A lenda das sete cidades
Primeira menção de responsabilidade Mariana Bradford, Mariana Magalhães, Joana Medeiros
Outras menções de responsabilidade il. A. Magalhães
205 ## - Menção da edição
Menção da edição 3ª ed.
210 ## - Publicação, Distribuição, etc. 
Lugar da edição, distribuição, etc. Lisboa
Nome do editor, distribuidor, etc. Caminho
Data da publicação, distribuição, etc. imp. 2005
300 ## - Notas gerais 
Texto da nota Com o alto patrocínio do Presidente do Governo Regional dos Açores
Texto da nota Obra integrada no Plano Nacional de Leitura
327 0# - Nota de conteúdo 
Texto da nota Contém peça de teatro e jogo
606 ## - Nome comum usado como assunto
Número de registo de entrada de autoridade 0000364
Palavra de ordem Literatura portuguesa infanto-juvenil
Subdivisão de assunto Conto
675 ## - Classificação Decimal Universal (CDU)
Notação 821.134.3-34
Edição
Língua da edição por
702 #1 - Nome de autor-pessoa física (responsabilidade secundária)
Número de registo de entrada de autoridade 0000394
Palavra de ordem Magalhães
Outra parte do nome não tomada para palavra de ordem A.
Código de função Ilustrador / Técnico de desenho computorizado
701 #1 - Nome de autor-pessoa física (co-responsabilidade principal)
Palavra de ordem Magalhães
Outra parte do nome não tomada para palavra de ordem Mariana
Código de função Autor / Co-autor
700 #1 - Nome de autor-pessoa física (responsabilidade principal)
Número de registo de entrada de autoridade 0000392
Palavra de ordem Bradford
Outra parte do nome não tomada para palavra de ordem Mariana
942 ## - Elementos de entrada adicionados (Koha)
Tipo de item no Koha Livro
Exemplares
Situação do levantamento Origin of item (home branch) (coded) Biblioteca de empréstimo Código de barras Cota Circulation type (not for loan) Tipo de documento Nota do exemplar Damaged status
  Biblioteca Escolar da Coca Maravilhas Biblioteca Escolar da Coca Maravilhas BECM7758/07 8POR BRA   Livro Sem mensagem